Evropský konstitucionalismus zdroje, formy a tendence

Enregistré dans:
Détails bibliographiques
Auteur principal: Reschová, Jana
Format: Livre
Langue:tchèque
Publié: Praha Vysoká škola ekonomická. Nakladatelství Oeconomica 2003
Sujets:
Tags: Ajouter un tag
Pas de tags, Soyez le premier à ajouter un tag!

MARC

LEADER 00000nam$a2200000$$$4500
001 0054049
005 20240306141353.8
020 |a 80-245-0647-5 
041 0 |a cze 
044 |a CZ 
245 1 0 |a Evropský konstitucionalismus  |b zdroje, formy a tendence  |c Jana Reschová 
264 1 |a Praha  |b Vysoká škola ekonomická. Nakladatelství Oeconomica  |c 2003 
300 |a 165 s. 
610 2 0 |a ústava 
610 2 0 |a právo štátne 
610 2 0 |a právo ústavné 
610 2 0 |a politika 
610 2 0 |a štát 
610 2 0 |a identita 
610 2 0 |a porovnanie medzinárodné 
610 2 0 |a Európa 
610 2 0 |a Európska únia 
100 1 |a Reschová, Jana